000 00671nam a2200253Ia 4500
003 OSt
005 20220918205456.0
006 a|||||r|||| 00| 0
007 ta
008 220917b |||||||| |||| 00| 0 eng d
024 _a116,693
037 _cTextual
040 _aARTS
_cARTS
_beng
041 _2eng
_aeng
082 _aV6:1:N1, 122K2
100 _aDescamps Hubert
_9115206
245 0 _aL'Africque noire precoloniale
260 _c1962
300 _a126p.
_ccm.
490 _aQue sais je ? le point des connaissance actuelles; 241
650 _aHISTORY
942 _hV6:1:N1, 122K2
_cTEXL
_2CC
999 _c240014
_d240014